[Event "Russian Team Blitz"]
[Site "Sochi RUS"]
[Date "2016.10.07"]
[Round "4.2"]
[White "Vladislav Artemiev"]
[Black "Daniil Dubov"]
[Result "0-1"]
[EventDate "2016.10.07"]
[WhiteElo "2663"]
[BlackElo "2648"]
[PlyCount "44"]

1. d4 e6 2. Nf3 c5 3. e4 cxd4 4. Qxd4 Nc6 5. Qe3 b6 6. Nc3 Bc5 7. Qg5 Qxg5 8. Bxg5 Nf6 9. Bd3 Bb7 10. a3 O-O 11. Bh4 Nd4 12. Nd2 Ng4 13. Nc4 f5 14. f3 fxe4 15. Nxe4 Bxe4 16. Bxe4 d5 17. fxg4 dxe4 18. O-O-O Rac8 19. Rhe1 b5 20. b4 Bxb4 21. Rxe4 Rxc4 22. Rdxd4 Rf1+ 0-1

[Event "Russian Team Blitz"]
[Site "Sochi RUS"]
[Date "2016.10.07"]
[Round "5.2"]
[White "Daniil Dubov"]
[Black "Evgeny Alekseev"]
[Result "1-0"]
[EventDate "2016.10.07"]
[WhiteElo "2648"]
[BlackElo "2636"]
[PlyCount "91"]

1. c4 c5 2. Nf3 Nc6 3. d4 cxd4 4. Nxd4 Qb6 5. Nc2 Nf6 6. Nc3 e6 7. g3 Ne5 8. e4 d6 9. f4 Nc6 10. Be3 Qc7 11. Bg2 Be7 12. O-O O-O 13. Qe2 a6 14. Rac1 b6 15. Ne1 Bb7 16. Nd5 exd5 17. cxd5 Qd7 18. dxc6 Bxc6 19. Rxc6 Qxc6 20. e5 Ne4 21. Nf3 d5 22. Nd4 Qc7 23. Rc1 Qd7 24. Qh5 g6 25. Qh3 Qxh3 26. Bxh3 Bc5 27. Kg2 Rfd8 28. Kf3 a5 29. Nc6 Rf8 30. Bxc5 Nxc5 31. Rd1 Kg7 32. Rxd5 a4 33. a3 Rfe8 34. Rd6 Ne6 35. g4 g5 36. f5 Nf4 37. Bf1 Rac8 38. Bc4 Kf8 39. Ke4 h5 40. h3 Rc7 41. h4 hxg4 42. hxg5 Nh5 43. Rh6 Ng3+ 44. Kf4 Nh5+ 45. Kxg4 Kg7 46. Kxh5 1-0

[Event "Russian Team Blitz"]
[Site "Sochi RUS"]
[Date "2016.10.07"]
[Round "6.1"]
[White "Denis Khismatullin"]
[Black "Daniil Dubov"]
[Result "0-1"]
[EventDate "2016.10.07"]
[WhiteElo "2617"]
[BlackElo "2648"]
[PlyCount "86"]

1. d4 e6 2. c4 c5 3. Nf3 cxd4 4. Nxd4 Nf6 5. Nc3 d5 6. cxd5 Nxd5 7. Bd2 Nf6 8. Nb3 Bd7 9. e4 Nc6 10. Be2 Bd6 11. Be3 Be5 12. O-O O-O 13. Bd3 Qc7 14. f4 Bxc3 15. bxc3 e5 16. f5 Rfd8 17. Qe2 Na5 18. Rac1 Rac8 19. Bg5 Bc6 20. Bxf6 gxf6 21. Rf3 Nxb3 22. axb3 Qb6+ 23. Kh1 Qxb3 24. Bc4 Qa3 25. Rg3+ Kf8 26. Re1 Be8 27. h3 b5 28. Bxb5 Rxc3 29. Rxc3 Qxc3 30. Bxe8 Kxe8 31. Rb1 Qd3 32. Qe1 Kf8 33. Rb7 Qd1 34. Qxd1 Rxd1+ 35. Kh2 a5 36. Ra7 Rd4 37. Rxa5 Rxe4 38. g4 Re3 39. Ra7 Kg7 40. Re7 h5 41. Kg2 h4 42. Kh2 e4 43. Kg2 Rg3+ 0-1

[Event "Russian Team Blitz"]
[Site "Sochi RUS"]
[Date "2016.10.07"]
[Round "7.1"]
[White "Daniil Dubov"]
[Black "Vladimir Fedoseev"]
[Result "0-1"]
[EventDate "2016.10.07"]
[WhiteElo "2648"]
[BlackElo "2665"]
[PlyCount "88"]

1. c4 e5 2. Nc3 Nf6 3. Nf3 Nc6 4. g3 d5 5. cxd5 Nxd5 6. Bg2 Nb6 7. O-O Be7 8. a3 O-O 9. b4 f6 10. d3 Be6 11. Ne4 a5 12. Nc5 Bxc5 13. bxc5 Nd5 14. Qc2 Nde7 15. Bb2 a4 16. Bc3 Nd5 17. Rab1 Ra7 18. Ba1 Re8 19. Rfd1 Qd7 20. e4 Nde7 21. d4 exd4 22. Bxd4 Qc8 23. Qc3 Ba2 24. Rb2 Bb3 25. Rd3 Ng6 26. Be3 Kh8 27. Rbd2 Ra8 28. h4 Qg4 29. Nh2 Qe6 30. h5 Nge5 31. Rd5 Nc4 32. h6 Nxd2 33. hxg7+ Kxg7 34. Rxd2 Rad8 35. Nf3 Qxe4 36. Nh4 Qb1+ 37. Kh2 Ne5 38. Bh3 Rxd2 39. Qxd2 Qe4 40. Nf5+ Qxf5 41. Bh6+ Kg8 42. Bxf5 Nf3+ 43. Kh3 Nxd2 44. Bxd2 Be6 0-1

[Event "Russian Team Blitz"]
[Site "Sochi RUS"]
[Date "2016.10.07"]
[Round "8.1"]
[White "Zaur Tekeyev"]
[Black "Daniil Dubov"]
[Result "0-1"]
[EventDate "2016.10.07"]
[WhiteElo "2357"]
[BlackElo "2648"]
[PlyCount "58"]

1. e4 e5 2. Nf3 Nc6 3. Bc4 Bc5 4. O-O Nf6 5. d3 d6 6. c3 O-O 7. h3 a6 8. Re1 h6 9. Bb3 Ba7 10. Nbd2 Be6 11. Nf1 d5 12. exd5 Nxd5 13. Ng3 Re8 14. Nh5 Nf6 15. Nxf6+ Qxf6 16. Bxe6 Rxe6 17. Qb3 Bb6 18. Be3 Ne7 19. d4 e4 20. Ne5 Nf5 21. Nd7 Qg6 22. Bf4 Rae8 23. d5 Nh4 24. g3 e3 25. dxe6 exf2+ 26. Kh2 fxe1=Q 27. Rxe1 Nf3+ 28. Kh1 Nxe1 29. exf7+ Qxf7 0-1

[Event "Russian Team Blitz"]
[Site "Sochi RUS"]
[Date "2016.10.07"]
[Round "9.1"]
[White "Ramis Kurbedinov"]
[Black "Daniil Dubov"]
[Result "0-1"]
[EventDate "2016.10.07"]
[WhiteElo "2318"]
[BlackElo "2648"]
[PlyCount "71"]

1. d4 e6 2. Nf3 Nf6 3. e3 c5 4. Bd3 d5 5. b3 Nc6 6. O-O cxd4 7. exd4 Be7 8. Bb2 O-O 9. Nbd2 b6 10. a3 Bb7 11. Qe2 Rc8 12. Ne5 Nxe5 13. dxe5 Nd7 14. b4 a5 15. Qg4 Kh8 16. Nf3 d4 17. Bxd4 Bxf3 18. Qxf3 Nc5 19. bxc5 Qxd4 20. cxb6 Qxb6 21. Qe4 g6 22. a4 Rc3 23. Rab1 Bb4 24. Rb3 Rxb3 25. cxb3 Rd8 26. Bc4 Kg8 27. Qf3 Qd4 28. Qg3 Qb2 29. h4 h5 30. Qe3 Be7 31. g3 Rd4 32. Kg2 Bc5 33. Qf3 Rd2 34. Qf4 Bd4 35. Qf6 Bxe5 36. Qf3 0-1

[Event "Russian Team Blitz"]
[Site "Sochi RUS"]
[Date "2016.10.07"]
[Round "10.1"]
[White "Daniil Dubov"]
[Black "Sergey Savitskiy"]
[Result "1-0"]
[EventDate "2016.10.07"]
[WhiteElo "2648"]
[BlackElo "2415"]
[PlyCount "59"]

1. d4 Nf6 2. c4 g6 3. g3 Bg7 4. Bg2 O-O 5. Nc3 d6 6. Nf3 Nc6 7. O-O Bf5 8. b3 Ne4 9. Nd5 Bd7 10. Bb2 f5 11. Rc1 e5 12. dxe5 dxe5 13. b4 Be8 14. Qb3 Nd4 15. Nxd4 exd4 16. Rfd1 c6 17. Nf4 Bf7 18. e3 c5 19. bxc5 Nxc5 20. Qa3 Ne4 21. Bxd4 Qc7 22. Qb2 Bh6 23. Nd5 Bxd5 24. cxd5 Qd7 25. d6 Rac8 26. Qb3+ Rf7 27. Rxc8+ Qxc8 28. Be5 Qd7 29. Bf1 Nc5 30. Qd5 1-0

[Event "Russian Team Blitz"]
[Site "Sochi RUS"]
[Date "2016.10.07"]
[Round "11.1"]
[White "Daniil Dubov"]
[Black "Alexey Alexeev"]
[Result "1/2-1/2"]
[EventDate "2016.10.07"]
[WhiteElo "2648"]
[BlackElo "2300"]
[PlyCount "106"]

1. d4 Nf6 2. c4 g6 3. g3 Bg7 4. Bg2 d5 5. cxd5 Nxd5 6. Nc3 Nb6 7. Nf3 O-O 8. O-O Nc6 9. e3 Re8 10. Re1 a5 11. Nb5 Be6 12. Bd2 Bc4 13. Na3 Ba6 14. Bc3 Nd5 15. e4 Nxc3 16. bxc3 e5 17. d5 Ne7 18. c4 b6 19. Rc1 c5 20. Rb1 Nc8 21. Re2 Nd6 22. Reb2 Rb8 23. Nd2 Bh6 24. Qc2 Bxd2 25. Qxd2 Bxc4 26. f4 exf4 27. Qxf4 Bd3 28. Re1 f6 29. Rf2 c4 30. e5 fxe5 31. Rxe5 Rxe5 32. Qxe5 Nf7 33. Rxf7 Kxf7 34. Nb5 Qf8 35. d6 g5 36. Nc7 Kg6 37. Ne6 Qf6 38. Be4+ Bxe4 39. Qxe4+ Kh6 40. d7 c3 41. h4 gxh4 42. g4 Rg8 43. Qe3+ Kg6 44. Qe4+ Kf7 45. d8=Q Rxd8 46. Nxd8+ Qxd8 47. Qxh7+ Ke6 48. Qe4+ Kf7 49. Qc4+ Kg6 50. Qe4+ Kf7 51. Qc4+ Kg6 52. Qe4+ Kf7 53. Qc4+ Kg6 1/2-1/2

[Event "Russian Team Blitz"]
[Site "Sochi RUS"]
[Date "2016.10.07"]
[Round "12.1"]
[White "Ruslan Vladimirovich Shcherbakov"]
[Black "Daniil Dubov"]
[Result "1-0"]
[EventDate "2016.10.07"]
[WhiteElo "2516"]
[BlackElo "2648"]
[PlyCount "167"]

1. e4 e5 2. Nf3 Nc6 3. Bb5 a6 4. Ba4 Nf6 5. d3 b5 6. Bb3 d6 7. a4 Bg4 8. Be3 Be7 9. h3 Bh5 10. Nc3 Na5 11. Ba2 b4 12. Ne2 Nd7 13. Ng3 Bg6 14. d4 O-O 15. O-O b3 16. cxb3 Nc6 17. b4 Nxb4 18. Bc4 a5 19. dxe5 Nxe5 20. Nxe5 dxe5 21. Qf3 Qc8 22. Rac1 Kh8 23. Rfd1 Rb8 24. b3 c5 25. Nf5 Bxf5 26. exf5 Nc6 27. f6 gxf6 28. Bd3 Rg8 29. Be4 Nd4 30. Bxd4 exd4 31. Qh5 Rg7 32. Re1 Qc7 33. Bd5 Rf8 34. Qf3 Rfg8 35. g4 Qd7 36. Bc6 Qd6 37. Be4 Bd8 38. Kf1 Bc7 39. Bd3 Rg5 40. Re4 f5 41. Ree1 fxg4 42. hxg4 Rxg4 43. Qxf7 R4g7 44. Qf5 Rf8 45. Qh3 Qf4 46. Rc2 Rgf7 47. Re4 Qg5 48. Rh4 Qg7 49. Rg4 Qf6 50. Rh4 Qg7 51. Rg4 Qe5 52. Rh4 Qe7 53. Re2 Qd7 54. Qxd7 Rxd7 55. Rh5 Bd6 56. Rd5 Rdd8 57. Bc4 Bf4 58. Rxd8 Rxd8 59. Bd3 Bd6 60. Re6 Kg7 61. Kg2 h5 62. Re4 Kf6 63. Bc4 Kg5 64. Re6 Bf4 65. Bd3 Kh4 66. Re4 Kg5 67. Re6 Kh4 68. Re4 Kg5 69. Re6 Bd6 70. Kf3 Rf8+ 71. Kg2 Bc7 72. Rc6 Bf4 73. Rxc5+ Kh4 74. Be2 Bg5 75. Rd5 Rf4 76. Rxa5 Re4 77. Bd3 Rg4+ 78. Kf1 Rf4 79. Be2 Re4 80. Rd5 Rf4 81. a5 d3 82. Rxd3 Bf6 83. Rd5 Bg5 84. a6 1-0

[Event "Russian Team Blitz"]
[Site "Sochi RUS"]
[Date "2016.10.07"]
[Round "13.1"]
[White "Daniil Dubov"]
[Black "Artur Gabrielian"]
[Result "1/2-1/2"]
[EventDate "2016.10.07"]
[WhiteElo "2648"]
[BlackElo "2524"]
[PlyCount "83"]

1. d4 Nf6 2. c4 c5 3. Nf3 cxd4 4. Nxd4 Nc6 5. Nc3 e6 6. g3 Qb6 7. Nc2 Ne5 8. e4 Bc5 9. Qe2 O-O 10. f4 Nc6 11. e5 Ne8 12. Ne4 Nd4 13. Qd3 Nxc2+ 14. Qxc2 d6 15. Bd2 Bd7 16. O-O-O Rc8 17. Kb1 dxe5 18. fxe5 Bc6 19. Bg2 Bxe4 20. Bxe4 g6 21. Bc3 Ng7 22. g4 Rfd8 23. Rxd8+ Rxd8 24. Rd1 h5 25. h3 hxg4 26. hxg4 Rxd1+ 27. Qxd1 Qc7 28. Qd3 b6 29. b4 Bf8 30. b5 Qe7 31. Bb2 Qh4 32. Qe2 Qg3 33. a4 Ba3 34. Bf3 Bxb2 35. Kxb2 Qf4 36. Qe4 Qd2+ 37. Kb3 Ne8 38. Qa8 Kf8 39. Bc6 Qd3+ 40. Kb2 Qd2+ 41. Kb3 Qd3+ 42. Kb2 1/2-1/2

[Event "Russian Team Blitz"]
[Site "Sochi RUS"]
[Date "2016.10.07"]
[Round "14.1"]
[White "Daniil Dubov"]
[Black "Klementy Sychev"]
[Result "1/2-1/2"]
[EventDate "2016.10.07"]
[WhiteElo "2648"]
[BlackElo "2445"]
[PlyCount "167"]

1. c4 g6 2. Nf3 Bg7 3. d4 Nf6 4. g3 c6 5. Bg2 d5 6. O-O O-O 7. Nbd2 a5 8. Ne5 Nfd7 9. cxd5 Nxe5 10. dxe5 cxd5 11. Nf3 Nc6 12. Bf4 Bg4 13. Nd4 Nxe5 14. Nb5 Qb6 15. a4 Rfd8 16. Rc1 Rac8 17. Rxc8 Bxc8 18. Qb3 e6 19. Be3 d4 20. Nxd4 Qxb3 21. Nxb3 Nc4 22. Bg5 Re8 23. Rc1 Nxb2 24. Nxa5 Nxa4 25. Bxb7 Bxb7 26. Nxb7 Nc3 27. Rc2 Rb8 28. Nc5 h6 29. Be3 Nd5 30. Bd2 h5 31. Nd3 Rd8 32. Kg2 Nf6 33. Bg5 Rb8 34. f3 Nd5 35. Rc4 Ra8 36. Rc2 Rb8 37. Bd2 Ra8 38. e4 Nf6 39. Kf2 Nd7 40. Ke2 Ne5 41. Nb4 Rd8 42. Bc3 Rc8 43. Bxe5 Rxc2+ 44. Nxc2 Bxe5 45. f4 Bd6 46. Kf3 Bc5 47. Ne1 Kf8 48. Nd3 Bd4 49. e5 Ke7 50. Ke4 Bg1 51. h3 Bb6 52. g4 hxg4 53. hxg4 Ba7 54. Nb2 Bb6 55. Nc4 Bc5 56. Na5 Bb6 57. Nb3 Kd7 58. Nd2 Kc6 59. Nf3 Kd7 60. Kd3 Ke7 61. Ng5 Ba7 62. Ne4 Bb6 63. Nd2 Kd7 64. Nb3 Ke7 65. Nc1 Kd7 66. Ne2 Ke7 67. Kc4 Be3 68. Kd3 Bb6 69. Ke4 Bc5 70. Nc1 Ba7 71. Nd3 Bb6 72. Nb4 Bc5 73. Na6 Bb6 74. Nb8 Bc7 75. Nc6+ Kd7 76. Nd4 Bb6 77. Nf3 Ke7 78. Nh4 Bf2 79. Ng2 Bb6 80. f5 gxf5+ 81. gxf5 exf5+ 82. Kxf5 Bc7 83. Nf4 Bxe5 84. Ke4 1/2-1/2

[Event "Russian Team Blitz"]
[Site "Sochi RUS"]
[Date "2016.10.07"]
[Round "15.1"]
[White "Mikhail Linker"]
[Black "Daniil Dubov"]
[Result "0-1"]
[EventDate "2016.10.07"]
[WhiteElo "2246"]
[BlackElo "2648"]
[PlyCount "66"]

1. e4 e5 2. Nf3 Nc6 3. c3 d5 4. Qa4 Bd7 5. exd5 Nd4 6. Qd1 Nxf3+ 7. Qxf3 Bd6 8. Bd3 Ne7 9. Bc2 O-O 10. O-O f5 11. d4 e4 12. Qe2 Ng6 13. c4 Qh4 14. g3 Qh3 15. Re1 Nh4 16. f4 Nf3+ 17. Kh1 Nxe1 18. Qxe1 Rae8 19. Be3 g5 20. Nd2 gxf4 21. gxf4 Kh8 22. Qg3 Qh6 23. Rg1 Rg8 24. Qf2 Rxg1+ 25. Kxg1 Rg8+ 26. Kh1 Rg4 27. Bd1 Rh4 28. Nf1 Bxf4 29. Bxf4 Qxf4 30. Qg1 Rh6 31. Ng3 Be8 32. c5 e3 33. d6 Bc6+ 0-1

[Event "Russian Team Rapid"]
[Site "Sochi RUS"]
[Date "2016.10.06"]
[Round "9.1"]
[White "Daniil Dubov"]
[Black "Evgeny Alekseev"]
[Result "1/2-1/2"]
[EventDate "2016.10.05"]
[WhiteElo "2648"]
[BlackElo "2636"]
[PlyCount "107"]

1. d4 d5 2. c4 e6 3. Nf3 Nf6 4. g3 Bb4+ 5. Nbd2 O-O 6. Bg2 b6 7. O-O Bb7 8. cxd5 exd5 9. Ne5 Re8 10. Ndf3 Ne4 11. Bf4 Bf8 12. Rc1 c5 13. dxc5 bxc5 14. Nd2 Nf6 15. Qb3 Qb6 16. Ndc4 Qxb3 17. axb3 Nc6 18. Nxc6 Bxc6 19. Ne3 Rac8 20. Bh3 Rcd8 21. Rfe1 d4 22. Nc4 Nd5 23. Bd2 Bd7 24. Bg2 Be6 25. Ra1 Rb8 26. Na5 g6 27. Rec1 Rb6 28. Bf3 h5 29. Kg2 Reb8 30. b4 Nxb4 31. Bxb4 Rxb4 32. Nc6 Rxb2 33. Nxb8 Rxb8 34. Rxa7 c4 35. Ra4 Bg7 36. Raxc4 Bxc4 37. Rxc4 Bf6 38. Rc7 Re8 39. Bd5 Re7 40. Rc8+ Kg7 41. Bc4 Be5 42. Bd3 Rc7 43. Rd8 Bf6 44. Rd5 Re7 45. f4 Re3 46. h3 h4 47. gxh4 Bxh4 48. Rxd4 f5 49. Rd7+ Re7 50. Rd6 Re3 51. Rc6 Rg3+ 52. Kh2 Re3 53. Rc4 Kf6 54. Rc6+ 1/2-1/2

[Event "Russian Team Rapid"]
[Site "Sochi RUS"]
[Date "2016.10.05"]
[Round "3.3"]
[White "Daniil Dubov"]
[Black "Vladimir Fedoseev"]
[Result "1/2-1/2"]
[EventDate "2016.10.05"]
[WhiteElo "2648"]
[BlackElo "2665"]
[PlyCount "141"]

1. d4 d5 2. c4 e6 3. Nc3 Nf6 4. cxd5 exd5 5. Bg5 Nbd7 6. e3 c6 7. Bd3 Be7 8. Nge2 Nf8 9. O-O Ne6 10. Bh4 O-O 11. Qc2 g6 12. Rad1 b6 13. Qb1 Ng7 14. f3 Bd7 15. e4 Bc8 16. e5 Nfe8 17. Bf2 Nc7 18. f4 f6 19. b4 Nf5 20. b5 fxe5 21. dxe5 c5 22. Bc4 Be6 23. Nxd5 Nxd5 24. Qb3 Kh8 25. Bxd5 Bxd5 26. Rxd5 Qe8 27. Rfd1 a6 28. bxa6 Rxa6 29. g4 Nh6 30. h3 Qa8 31. Rd7 Ng8 32. R1d2 Ra3 33. Qd5 Qxd5 34. R7xd5 Rxh3 35. R5d3 Rxd3 36. Rxd3 Nh6 37. Rd7 Re8 38. g5 Nf5 39. Nc3 h6 40. gxh6 g5 41. fxg5 Bxg5 42. Nd5 Rxe5 43. Nxb6 Bxh6 44. a4 Re2 45. Bxc5 Ra2 46. Rd5 Ng3 47. a5 Kh7 48. Bf2 Ne4 49. Bd4 Ng3 50. Bf2 Ne4 51. Be1 Ra1 52. Kg2 Rxe1 53. Re5 Re2+ 54. Kf3 Re3+ 55. Kg2 Rg3+ 56. Kf1 Nd2+ 57. Ke2 Ra3 58. Re7+ Kg8 59. Re6 Kg7 60. Rxh6 Kxh6 61. Kxd2 Rxa5 62. Nc4 Rd5+ 63. Ke3 Kg5 64. Ke4 Rd1 65. Ne3 Re1 66. Kf3 Kf6 67. Ke4 Ke6 68. Kd4 Rh1 69. Ke4 Rh4+ 70. Kd3 Rf4 71. Nc4 1/2-1/2

[Event "ch-RUS Blitz 2016"]
[Site "Sochi RUS"]
[Date "2016.10.04"]
[Round "3.2"]
[White "Daniil Dubov"]
[Black "Alexandr Predke"]
[Result "1-0"]
[EventDate "?"]
[WhiteElo "2648"]
[BlackElo "2587"]
[PlyCount "62"]

1. c4 e6 2. Nc3 c5 3. Nf3 Nf6 4. g3 b6 5. Bg2 Bb7 6. O-O Be7 7. d4 cxd4 8. Qxd4 O-O 9. Bg5 d6 10. Rad1 Nc6 11. Qf4 Qb8 12. Bxf6 Bxf6 13. Ne4 Be5 14. Qh4 Qd8 15. Qxd8 Raxd8 16. Nxe5 dxe5 17. e3 Na5 18. Nd6 Bxg2 19. Kxg2 Rd7 20. Rd2 Rfd8 21. Rfd1 Kf8 22. Ne4 Rxd2 23. Rxd2 Rxd2 24. Nxd2 Ke7 25. Kf3 f5 26. Ke2 e4 27. Kd1 Kd6 28. Kc2 Nc6 29. Kc3 Ne5 30. h3 h5 31. b4 1-0

[Event "ch-RUS Blitz 2016"]
[Site "Sochi RUS"]
[Date "2016.10.04"]
[Round "4.2"]
[White "Alexandr Predke"]
[Black "Daniil Dubov"]
[Result "1/2-1/2"]
[EventDate "?"]
[WhiteElo "2587"]
[BlackElo "2648"]
[PlyCount "88"]

1. Nf3 d5 2. d4 Nf6 3. c4 c6 4. Nc3 dxc4 5. a4 Bf5 6. e3 e6 7. Bxc4 Nbd7 8. O-O Bb4 9. Qb3 Qb6 10. Be2 O-O 11. Nh4 Bg4 12. Bxg4 Nxg4 13. Nf3 Ngf6 14. Bd2 a5 15. Qc2 Rac8 16. e4 c5 17. d5 exd5 18. Nxd5 Nxd5 19. exd5 c4 20. Rad1 Qg6 21. Qxg6 hxg6 22. Be3 Rfd8 23. d6 Nf6 24. Bf4 Nh5 25. Be5 f6 26. Bc3 Bxc3 27. bxc3 Nf4 28. Rfe1 Nd3 29. Re7 Rxd6 30. Rb1 b6 31. Kf1 Nc5 32. Nd4 Nxa4 33. Ne6 Nxc3 34. Re1 Rxe6 35. R1xe6 b5 36. Ra6 b4 37. Raa7 Nd5 38. Rxg7+ Kh8 39. Rh7+ Kg8 40. Rag7+ Kf8 41. Rf7+ Kg8 42. Rfg7+ Kf8 43. Rf7+ Kg8 44. Rfg7+ 1/2-1/2

[Event "ch-RUS Blitz 2016"]
[Site "Sochi RUS"]
[Date "2016.10.04"]
[Round "9.1"]
[White "Pavel Ponkratov"]
[Black "Daniil Dubov"]
[Result "1-0"]
[EventDate "?"]
[WhiteElo "2589"]
[BlackElo "2648"]
[PlyCount "92"]

1. g3 d5 2. Nf3 c6 3. Bg2 Bg4 4. h3 Bxf3 5. Bxf3 Nd7 6. Bg2 e6 7. c4 Bd6 8. cxd5 cxd5 9. O-O Ngf6 10. d3 O-O 11. e4 Qb6 12. Nc3 dxe4 13. dxe4 Rfd8 14. Qe2 Rac8 15. Be3 Qa5 16. a3 Be5 17. Na2 Qa4 18. Rac1 Nb6 19. Nb4 Qb3 20. Rxc8 Rxc8 21. Nd3 Qb5 22. Re1 Bb8 23. b4 Na4 24. Nc5 Qxe2 25. Rxe2 Nc3 26. Re1 b6 27. Na6 Bd6 28. Bd2 Be5 29. Kh2 Rd8 30. Bxc3 Bxc3 31. Re3 Bd4 32. Re2 e5 33. Nc7 Rd7 34. Nb5 h5 35. Rd2 h4 36. Nxd4 hxg3+ 37. Kxg3 exd4 38. e5 Nh5+ 39. Kg4 g6 40. f4 Ng7 41. Bf1 Nf5 42. Bd3 Ne3+ 43. Kf3 Rc7 44. Ke4 Nf5 45. Kd5 Ne3+ 46. Kxd4 1-0

[Event "ch-RUS Blitz 2016"]
[Site "Sochi RUS"]
[Date "2016.10.04"]
[Round "10.1"]
[White "Daniil Dubov"]
[Black "Pavel Ponkratov"]
[Result "0-1"]
[EventDate "?"]
[WhiteElo "2648"]
[BlackElo "2589"]
[PlyCount "62"]

1. c4 Nf6 2. Nc3 e6 3. e4 d5 4. e5 Nfd7 5. cxd5 Nxe5 6. d4 Ng6 7. Bb5+ c6 8. dxc6 Nxc6 9. Nf3 Bd6 10. h4 Ne7 11. h5 h6 12. O-O a6 13. Bd3 Qa5 14. Nd2 Bb8 15. Nc4 Qd8 16. Qg4 b5 17. Qxg7 Rg8 18. Qxh6 bxc4 19. Bh7 Rh8 20. Ne4 Qxd4 21. Nf6+ Kd8 22. Be3 Qe5 23. Ng4 Qxb2 24. Rab1 Qc3 25. Bb6+ Bc7 26. Rfd1+ Bd7 27. Nf6 Ne5 28. Qg7 Bxb6 29. Kh1 Rxh7 30. Qxh7 Kc7 31. Nxd7 0-1

[Event "ch-RUS Blitz 2016"]
[Site "Sochi RUS"]
[Date "2016.10.04"]
[Round "6.7"]
[White "Daniil Dubov"]
[Black "Klementy Sychev"]
[Result "1-0"]
[EventDate "?"]
[WhiteElo "2648"]
[BlackElo "2445"]
[PlyCount "54"]

1. c4 g6 2. Nf3 Bg7 3. g3 c5 4. Bg2 Nc6 5. Nc3 e6 6. O-O Nge7 7. a3 d5 8. b4 cxb4 9. axb4 dxc4 10. b5 Nd4 11. Nxd4 Bxd4 12. Qa4 O-O 13. Qxc4 e5 14. Ba3 Be6 15. Qb4 Re8 16. Bxb7 Rb8 17. Bg2 Nd5 18. Bxd5 Bxc3 19. dxc3 Qxd5 20. Qh4 Rxb5 21. Bb4 a5 22. Rfd1 Qc4 23. Rd8 Rb8 24. Qxc4 Bxc4 25. Rxb8 Rxb8 26. Rxa5 Bxe2 27. Rxe5 Bf3 1-0

[Event "ch-RUS Blitz 2016"]
[Site "Sochi RUS"]
[Date "2016.10.04"]
[Round "13.3"]
[White "Aleksei Pridorozhni"]
[Black "Daniil Dubov"]
[Result "1/2-1/2"]
[EventDate "?"]
[WhiteElo "2579"]
[BlackElo "2648"]
[PlyCount "84"]

1. b3 e5 2. Bb2 Nc6 3. e3 g6 4. c4 Bg7 5. Nc3 Nge7 6. Nf3 d6 7. Be2 O-O 8. O-O h6 9. d4 exd4 10. Nxd4 Nxd4 11. exd4 Nf5 12. d5 Nd4 13. Bd3 Re8 14. Qd2 Qh4 15. f3 Bd7 16. Qf2 Ne2+ 17. Nxe2 Qxf2+ 18. Kxf2 Bxb2 19. Rab1 Ba3 20. Rfd1 Re7 21. Kf1 Rae8 22. Nd4 Bb4 23. Nc2 Bc3 24. b4 Ba4 25. Rdc1 Bd2 26. Rd1 Bc3 27. Rdc1 Kg7 28. b5 Bd2 29. Rd1 Ba5 30. Rdc1 Bxc2 31. Rxc2 Re1+ 32. Rxe1 Rxe1+ 33. Kf2 Ra1 34. Kg3 Kf6 35. f4 a6 36. bxa6 bxa6 37. c5 Rd1 38. Bxa6 Rxd5 39. cxd6 cxd6 40. a4 Rd4 41. Bb5 Bd2 42. Rc4 1/2-1/2

[Event "ch-RUS Blitz 2016"]
[Site "Sochi RUS"]
[Date "2016.10.04"]
[Round "14.3"]
[White "Daniil Dubov"]
[Black "Aleksei Pridorozhni"]
[Result "1-0"]
[EventDate "?"]
[WhiteElo "2648"]
[BlackElo "2579"]
[PlyCount "56"]

1. c4 d6 2. Nf3 e5 3. d4 Nc6 4. Nc3 Nf6 5. g3 Be7 6. Bg2 O-O 7. O-O Bf5 8. b3 Ne4 9. Nd5 Nf6 10. Bb2 Nxd5 11. cxd5 Nxd4 12. Nxd4 exd4 13. Bxd4 Qd7 14. Rc1 Rfc8 15. Re1 a5 16. Qd2 Bf8 17. Rc3 c5 18. dxc6 bxc6 19. Rec1 d5 20. Bc5 Bd6 21. Bxd6 Qxd6 22. e4 Be6 23. exd5 cxd5 24. Rxc8+ Rxc8 25. Rxc8+ Bxc8 26. Qxa5 d4 27. Qa8 Qc7 28. Bh3 1-0

[Event "ch-RUS Rapid 2016"]
[Site "Sochi RUS"]
[Date "2016.10.03"]
[Round "7.2"]
[White "Alexander Motylev"]
[Black "Daniil Dubov"]
[Result "1/2-1/2"]
[EventDate "?"]
[WhiteElo "2663"]
[BlackElo "2648"]
[PlyCount "168"]

1. e4 e5 2. Nf3 Nc6 3. Bc4 Bc5 4. O-O Nf6 5. d3 O-O 6. a4 h6 7. h3 d6 8. c3 a6 9. Re1 Ba7 10. Bb3 Be6 11. Bxe6 fxe6 12. Be3 Bxe3 13. Rxe3 Qe8 14. Nbd2 Nh5 15. g3 Qg6 16. Nh4 Qf7 17. Qf3 Nf6 18. Qe2 g5 19. Ng2 Kh8 20. Rf1 Rg8 21. Qd1 Raf8 22. Qb3 Rb8 23. Qd1 b5 24. axb5 axb5 25. Kh2 b4 26. Nc4 bxc3 27. bxc3 Qg7 28. Ree1 Qg6 29. Qe2 Rb3 30. Qc2 Rb5 31. Rb1 Rc5 32. Qe2 g4 33. h4 Rxc4 34. dxc4 Nxe4 35. Rb7 Rg7 36. Qd3 Qf5 37. Rb2 Rf7 38. Re2 Nc5 39. Qxf5 exf5 40. f3 gxf3 41. Rxf3 e4 42. Rf1 Ne5 43. Kh3 Kg7 44. Ne3 Nf3 45. Ref2 f4 46. gxf4 Rxf4 47. Rg2+ Kh7 48. Rg4 Rf7 49. Kg3 h5 50. Rf4 Rg7+ 51. Kh3 Nd3 52. Rf5 Ng1+ 53. Kh2 Nf3+ 54. Kh3 Kh6 55. Rf6+ Kh7 56. Rf5 Kh6 57. Rf6+ Rg6 58. Rf7 Re6 59. Rxc7 Kg6 60. Kg3 Kf6 61. Rh7 Kg6 62. Ra7 Kf6 63. Ra5 Re8 64. Rxh5 Rg8+ 65. Ng4+ Ke6 66. Rxf3 exf3 67. Kxf3 Ne1+ 68. Kg3 Nd3 69. Rg5 Rxg5 70. hxg5 Kf5 71. Kh4 Kg6 72. Ne3 Ne5 73. Nd5 Nf3+ 74. Kg4 Nxg5 75. Kf4 Ne6+ 76. Ke4 Nc5+ 77. Kd4 Nb3+ 78. Ke3 Kf5 79. Ne7+ Ke6 80. Nc6 Kd7 81. Nd4 Nc5 82. Kf4 Na4 83. Ne2 Nb6 84. Ke4 1/2-1/2

[Event "ch-RUS Rapid 2016"]
[Site "Sochi RUS"]
[Date "2016.10.02"]
[Round "2.6"]
[White "Daniil Dubov"]
[Black "Vladimir Zakhartsov"]
[Result "1-0"]
[EventDate "?"]
[WhiteElo "2648"]
[BlackElo "2452"]
[PlyCount "66"]

1. c4 e5 2. Nc3 Nf6 3. Nf3 Nc6 4. g3 Bb4 5. Bg2 O-O 6. O-O Bxc3 7. bxc3 e4 8. Ng5 Re8 9. f3 e3 10. d3 d5 11. Qb3 h6 12. cxd5 Nd4 13. cxd4 hxg5 14. f4 gxf4 15. Rxf4 Bg4 16. Re4 Nxe4 17. dxe4 c6 18. Bxe3 cxd5 19. e5 Be6 20. Rc1 Qd7 21. Bg5 Rac8 22. Rf1 Rc4 23. Qe3 Qa4 24. Bf6 Rxd4 25. h3 Bxh3 26. Bxg7 Kxg7 27. Qg5+ Kf8 28. Qh6+ Kg8 29. Qg5+ Kf8 30. Bxh3 Qc6 31. Qh5 Qc7 32. Qh8+ Ke7 33. Rxf7+ 1-0

[Event "St.Petersburg Rapid 2016"]
[Site "St Petersburg RUS"]
[Date "2016.08.28"]
[Round "10.4"]
[White "Daniil Dubov"]
[Black "Maksim Chigaev"]
[Result "1/2-1/2"]
[EventDate "?"]
[WhiteElo "2648"]
[BlackElo "2550"]
[PlyCount "40"]

1. d4 Nf6 2. c4 e6 3. Nf3 b6 4. g3 Bb7 5. Bg2 Be7 6. O-O O-O 7. d5 Na6 8. Nc3 Bb4 9. Bg5 Bxc3 10. bxc3 Nc5 11. Qd4 h6 12. Bh4 d6 13. Bxf6 Qxf6 14. Qxf6 gxf6 15. Nd4 Rfe8 16. e3 f5 17. Rfd1 Kg7 18. h3 Kf6 19. Kh2 e5 20. Nb3 1/2-1/2

[Event "St.Petersburg Rapid 2016"]
[Site "St Petersburg RUS"]
[Date "2016.08.28"]
[Round "9.3"]
[White "Evgeny Romanov"]
[Black "Daniil Dubov"]
[Result "1/2-1/2"]
[EventDate "?"]
[WhiteElo "2619"]
[BlackElo "2648"]
[PlyCount "76"]

1. d4 e6 2. c4 c5 3. Nf3 cxd4 4. Nxd4 Nf6 5. Nc3 d5 6. cxd5 Nxd5 7. Bd2 Nf6 8. Bf4 a6 9. e4 Bc5 10. Nb3 Qxd1+ 11. Rxd1 Bb4 12. f3 Nc6 13. Kf2 Nd7 14. Be2 Nc5 15. Nxc5 Bxc5+ 16. Be3 Bxe3+ 17. Kxe3 Ke7 18. Na4 b5 19. Rc1 Bd7 20. Nb6 Rab8 21. Nxd7 Kxd7 22. Rhd1+ Kc7 23. f4 Rhd8 24. e5 Kb6 25. Bf3 Ne7 26. Be4 Nf5+ 27. Kf2 Ne7 28. Rd6+ Rxd6 29. exd6 Nd5 30. Bxd5 exd5 31. Rc7 Rb7 32. Re7 Kc6 33. Ke3 Rd7 34. Kd4 Rxd6 35. Rxf7 Re6 36. Kd3 Rg6 37. g3 Rh6 38. Rxg7 Rxh2 1/2-1/2

[Event "Russian Championship Higher League"]
[Site "Kolomna RUS"]
[Date "2016.07.01"]
[Round "9"]
[White "Daniil Dubov"]
[Black "Valery Sviridov"]
[Result "1-0"]
[EventDate "2016.06.22"]
[WhiteElo "2666"]
[BlackElo "2517"]
[PlyCount "57"]

1. e4 Nf6 2. e5 Nd5 3. d4 d6 4. Nf3 Bg4 5. h3 Bh5 6. e6 fxe6 7. Be2 Nc6 8. O-O Qd7 9. c4 Nf6 10. Nc3 h6 11. d5 Nd8 12. Re1 Bf7 13. Bd3 e5 14. Nh4 g5 15. Ng6 Rg8 16. Qc2 c6 17. Be3 e6 18. dxe6 Nxe6 19. Rad1 Qc7 20. Bf5 O-O-O 21. Nxf8 Rgxf8 22. Bxa7 Qa5 23. Be3 Kb8 24. b4 Qa3 25. Rd3 Qxb4 26. Rb1 Qxc4 27. Qb2 b5 28. Nxb5 cxb5 29. Rc3 1-0